000 00303nam a2200133 i 4500
001 bg
100 1 _aSTECKI, Leopold
245 0 _aPrawo spółdzielcze /
_cLeopold Stecki.
260 _aWarszawa,
_c1979.
040 _cBPK
041 _apol
942 _cKS
008 s pl f |000 0 pol
999 _c18707
_d18707
856 _uhttp://koha.tu.koszalin.pl/cgi-bin/koha/opac-detail.pl?biblionumber=18707
_yKatalog online BPK